000 00929nem a2200241 i 4500
001 64398
003 ES-MaACL
005 20230906165123.0
007 t|
008 031224s1959 sp | |0|1||spa d
130 0 _aEspaña. E.
_kCarreteras.
_f1959.
_9160813
245 1 0 _aEspaña y Portugal [
_hMaterial cartográfico] /
_c[una producción Foldex].
255 _aEscala 1:600.000.
260 _aMadrid :
_bAlmax,
_c[1959]
300 _a1 mapa :
_bcol. ;
_cen h. de 50 x 96 cm, pleg. en 28 x 13 cm.
490 1 _aMapa de carreteras y turístico de España y Portugal ;
_v3
592 _aRelieve representado por sombreado. - Hidrografía. - Carreteras.
594 _aTítulo de la cubierta: Mapa de carreteras y turístico de España y Portugal.
710 2 _aFoldex.
_9160814
830 0 _aMapa de carreteras y turístico de España y Portugal ;
_v3
_9230713
852 _aES-MaACL
_jE-4456
999 _c64398
_d64398